000 00780nam a22002057a 4500
999 _c3490
_d3490
003 AR-CdUCM
008 190306b ||||| |||| 00| 0 spa d
040 _aMUNICIPALIDAD PROVINCIAL DEL CUSCO
_cBIBLIOTECA MUNICIPAL DEL CUSCO
082 _a869.25 /
_bAH32
100 _aAhumada, Juan Antonio
_911471
245 _aEl arte de escribir :
_bperspectiva literaria, redacción administrativa, periodística y epistolar /
260 _aCórdoba :
_bAssandri,
_c1945.
300 _a159 paginas ;
_c24 cm.
505 _aPara que sirve la preceptiva -- La construcción literaria -- De la narración -- De la belleza y la preceptiva ...
650 _aNovelas argentinas
_99625
650 _aNovelas de costumbres
_9168
650 _aSiglo XX.
_98
942 _2ddc
_cLIBROS
945 _aacv